| 000 | 00652cam a2200241 4500500 | ||
|---|---|---|---|
| 005 | 20260405001738.0 | ||
| 041 | _afre | ||
| 042 | _adc | ||
| 245 | 0 | 0 | _aLe pari de Pascal |
| 260 | _c2014. | ||
| 500 | _a1 | ||
| 690 | _aBlaise Pascal | ||
| 690 | _aDenis Moreau | ||
| 690 | _aFoi | ||
| 690 | _aInfini rien | ||
| 690 | _aLaurent Thirouin | ||
| 690 | _aMartin Duru | ||
| 690 | _aMathématiques | ||
| 690 | _aPensées | ||
| 690 | _aScience | ||
| 786 | 0 | _nPhilosophie magazine | 79 | 5 | 2014-05-01 | p. 67-67 | 1951-1787 | |
| 856 | 4 | 1 | _uhttps://shs.cairn.info/magazine-philosophie-magazine-2014-5-page-67?lang=fr&redirect-ssocas=7080 |
| 999 |
_c2050611 _d2050611 |
||